Vier letters - Geografie - A-Z #1 - Statistieken

Algemene statistieken
  • Deze quiz is 31 keer genomen
  • De gemiddelde score is 13 van 25
Antwoordstatistieken
Hint Antwoord % Correct
B Bekend Indonesisch eiland voor toeristen Bali
90%
T Land tussen Ghana en Benin Togo
90%
N Waarschijnlijk de langste rivier ter wereld Nijl
86%
D Hoofdstad van Qatar Doha
81%
P Land van Machu Picchu Peru
81%
F Grootste berg van Japan Fuji
76%
I Land dat vroeger werd bestuurd door de Shah Iran
76%
K Vogel die in Nieuw-Zeeland woont Kiwi
76%
Z Waarvan je veel korrels terugvindt op het strand Zand
71%
J Meest bevolkte eiland ter wereld Java
67%
W Duitse naam van Wenen Wien
67%
M De stad Timboektoe ligt hier Mali
62%
U Staat waar het Grote Zoutmeer gelegen is Utah
52%
V Ander woord voor akker Veld
43%
G Grote woestijn in China en Mongolië Gobi
38%
L Stad van het "Fête des Lumières" Lyon
38%
R Duitse economische regio met meerdere grote steden erin Ruhr
38%
Y Engelse stad bekend van zijn omwalling York
38%
H Grootste ethnische groep in Rwanda Hutu
24%
S Vroegere naam van Thailand Siam
24%
E Een van de Amerikaanse Grote Meren Erie
19%
X Stad waar het Terracotaleger van Qinshihuang staat Xi'an
19%
A Site van de Taj Mahal Agra
14%
C Hoogste berg in Nieuw-Zeeland Cook
10%
O Eiland waarop Honolulu gelegen is Oahu
10%
Geen overeenkomende quizzen gevonden
Scoreverdeling
Procent van Mensen met Elke Score
Percentiel versus Aantal Correcte Antwoorden
Uw Scoregeschiedenis
U heeft deze quiz nog niet genomen